000 01417nam0a2200349 4500
001 RU\NLR\BIBL_A\011469928
005 20260406002657.0
010 _a9785389127296
_94000
021 _aRU
_b2017-60326
_94274
035 _a(RuMoRGB)008996587
035 _a(NLR Aleph) 011469928
090 _a11849342
_c11849342
100 _a20170912d2017 d y0rusy50 ca
101 1 _arus
_ceng
102 _aRU
105 _aa f 001zy
200 1 _aНовая энциклопедия школьника
_e[растения, человек, земля, животные, наука и техника, вселенная
_eдля старшего школьного возраста
_fперевод с английского и научное редактирование Татьяна Бородина и др.]
205 _aДоп. изд.
210 _aМосква [и др.]
_cМахаон [и др.]
_d2017
215 _a383 с.
_cцв. ил.
_d28
320 _aУказ.: с. 370-383
333 _a6+
608 _aЭнциклопедии для детей
_92363029
_3RU\NLR\AUTH\661410942
686 _aШ9:Я29(2)
_2rubbk
686 _aЧ426я29
_2rubbk
686 3 _aШ9
_bЯ20
702 1 _4340
_4730
_7ca
_8rus
_aБородина
_bТ.
_cфилолог
_gТатьяна
_995143
_3RU\NLR\AUTH\77112218
942 _cBOOK
980 _aNBR